| 000 | 00416nam a2200181Ia 4500 | ||
|---|---|---|---|
| 001 | 18082 | ||
| 005 | 20260306171604.0 | ||
| 008 | 260306s9999||||xx |||||||||||||| ||und|| | ||
| 041 | _aESP | ||
| 082 |
_a658.401 _bE94 |
||
| 100 |
_aEtkin, Jorge Ricardo _eAUT |
||
| 245 | 0 | _aLa empresa competitiva | |
| 260 | _c1996 | ||
| 300 |
_a355 páginas : _c |
||
| 650 | _aGEN | ||
| 654 | _aCAN | ||
| 942 |
_cLIB _dJUS _fJUS _2ddc _n |
||
| 999 |
_c18082 _d18082 |
||